ऋचाः (Record no. 14193)

MARC details
000 -LEADER
fixed length control field 01134nam a22002537a 4500
005 - DATE AND TIME OF LATEST TRANSACTION
control field 20080703121348.0
008 - FIXED-LENGTH DATA ELEMENTS--GENERAL INFORMATION
fixed length control field 080703t xxu||||| |||| 00| f hin d
010 ## - LIBRARY OF CONGRESS CONTROL NUMBER
LC control number HIN-83728
020 ## - INTERNATIONAL STANDARD BOOK NUMBER
Terms of availability 100.00
035 ## - SYSTEM CONTROL NUMBER
System control number HN-56074
037 ## - SOURCE OF ACQUISITION
Source of stock number/acquisition DBAD / PUB
040 ## - CATALOGING SOURCE
Original cataloging agency DPL
Language of cataloging HN
082 ## - DEWEY DECIMAL CLASSIFICATION NUMBER
Classification number
100 ## - MAIN ENTRY--PERSONAL NAME
Personal name सक्सेना, पुष्पा
245 ## - TITLE STATEMENT
Title ऋचाः
Statement of responsibility, etc पुष्पा सक्सेना
Remainder of title (उपन्यास) /
246 ## - VARYING FORM OF TITLE
Title proper/short title Richa
Remainder of title by Pushpa Saxena
260 ## - PUBLICATION, DISTRIBUTION, ETC. (IMPRINT)
Place of publication, distribution, etc दिल्ली
Name of publisher, distributor, etc निर्मल पब्लिकेशन्स
Date of publication, distribution, etc 2006
270 ## - ADDRESS
Address ए-139, कबीर नगर, गली नं-3, शाहदरा
City दिल्ली
Postal code 110094
Telephone number 011- 22114193
300 ## - PHYSICAL DESCRIPTION
Extent 87पृ
Dimensions 22सेमी(सजिल्द)
650 ## - SUBJECT ADDED ENTRY--TOPICAL TERM
Topical term or geographic name as entry element हिन्दी उपन्यास
650 ## - SUBJECT ADDED ENTRY--TOPICAL TERM
Topical term or geographic name as entry element Hindi Novels
942 ## - ADDED ENTRY ELEMENTS (KOHA)
Source of classification or shelving scheme Dewey Decimal Classification
Koha item type Hindi Books
Classification part
Call number suffix सक्सेना
Holdings
Withdrawn status Lost status Damaged status Not for loan Collection code Home library Current library Date acquired Source of acquisition Cost, normal purchase price Total Checkouts Full call number Barcode Date last seen Copy number Cost, replacement price Price effective from Koha item type
      Not For Loan Fiction D.B.Act.Division D.B.Act.Division 03/07/2008 पु.प्र.अ.प्र /प्रका 100.00   उ सक्सेना HN-56074 15/09/2008 1 100.00 15/09/2008 Hindi Books

© Delhi Public Library
Hit Counter
free hit counter